00703nam a22002177a 4500003001100000005001700011008004100028020001500069040003900084041000800123082001600131245008200147250001200229260003000241300004900271650002900320700002300349942000700372952009100379999001500470LK-CoMWRAF20231013115052.0231013b2005 |||||||| |||| 00| 0 eng d a0072917091 aLK-CoMWRAFdLK-CoMWRAFeLK-CoMWRAF aeng a616.89bTAK aTaking sides: bclashing views on controversial issues in abnormal psychology a3rd ed. aIowa:bMcGraw-Hill,c2005 axxii, 408 p. : ill. ; 24 cm.bIndex included aPsychology, Pathological aHalgin, Richard P. cBK 00104070aMAINbMAINd2023-10-13l0o616.89 TAKpRAF1726r2023-10-13w2023-10-13yBK c3842d3842